| 000 | 00451nam a2200169 a 4500 | ||
|---|---|---|---|
| 005 | 20140412111222.0 | ||
| 008 | 020530s19uu xx 00 eng d | ||
| 020 | _a1-55799-109-X | ||
| 050 |
_aTR(GS 414 _bE15 1987 |
||
| 100 | _aEvans, Joy | ||
| 245 |
_aConsonants / _cJoy Evans, Jo Ellen Moore. |
||
| 260 |
_a[s.l.] : _bEvan-Moor Corp, _c1987. |
||
| 300 | _a32 p. ; ill. | ||
| 440 | _aLearning to Read Series | ||
| 650 | _aTitle | ||
| 999 |
_c101943 _d101943 |
||